<?xml version="1.0" encoding="UTF-8"?><?xml-stylesheet type="text/xsl" href="static/style.xsl"?><OAI-PMH xmlns="http://www.openarchives.org/OAI/2.0/" xmlns:xsi="http://www.w3.org/2001/XMLSchema-instance" xsi:schemaLocation="http://www.openarchives.org/OAI/2.0/ http://www.openarchives.org/OAI/2.0/OAI-PMH.xsd"><responseDate>2026-05-14T12:33:44Z</responseDate><request verb="GetRecord" identifier="oai:riubu.ubu.es:10259/5242" metadataPrefix="marc">https://riubu.ubu.es/oai/request</request><GetRecord><record><header><identifier>oai:riubu.ubu.es:10259/5242</identifier><datestamp>2021-11-02T12:06:21Z</datestamp><setSpec>com_10259_4725</setSpec><setSpec>com_10259_5086</setSpec><setSpec>com_10259_2604</setSpec><setSpec>col_10259_4726</setSpec></header><metadata><record xmlns="http://www.loc.gov/MARC21/slim" xmlns:doc="http://www.lyncode.com/xoai" xmlns:xsi="http://www.w3.org/2001/XMLSchema-instance" xmlns:dcterms="http://purl.org/dc/terms/" xsi:schemaLocation="http://www.loc.gov/MARC21/slim http://www.loc.gov/standards/marcxml/schema/MARC21slim.xsd">
<leader>00925njm 22002777a 4500</leader>
<datafield tag="042" ind1=" " ind2=" ">
<subfield code="a">dc</subfield>
</datafield>
<datafield tag="720" ind1=" " ind2=" ">
<subfield code="a">Perdomo Hernández, Germán M.</subfield>
<subfield code="e">author</subfield>
</datafield>
<datafield tag="720" ind1=" " ind2=" ">
<subfield code="a">Merino, Beatriz</subfield>
<subfield code="e">author</subfield>
</datafield>
<datafield tag="720" ind1=" " ind2=" ">
<subfield code="a">Fernández Díaz, Cristina M. .</subfield>
<subfield code="e">author</subfield>
</datafield>
<datafield tag="720" ind1=" " ind2=" ">
<subfield code="a">Cózar Castellano, Irene</subfield>
<subfield code="e">author</subfield>
</datafield>
<datafield tag="260" ind1=" " ind2=" ">
<subfield code="c">2020-01</subfield>
</datafield>
<datafield tag="520" ind1=" " ind2=" ">
<subfield code="a">The worldwide epidemics of obesity and diabetes have been linked to increased sugar consumption in humans. Here, we review fructose and glucose metabolism, as well as potential molecular mechanisms by which excessive sugar consumption is associated to metabolic diseases and insulin resistance in humans. To this end, we focus on understanding molecular and cellular mechanisms of fructose and glucose transport and sensing in the intestine, the intracellular signaling effects of dietary sugar metabolism, and its impact on glucose homeostasis in health and disease. Finally, the peripheral and central effects of dietary sugars on the gut–brain axis will be reviewed.</subfield>
</datafield>
<datafield tag="024" ind2=" " ind1="8">
<subfield code="a">http://hdl.handle.net/10259/5242</subfield>
</datafield>
<datafield tag="024" ind2=" " ind1="8">
<subfield code="a">10.3390/nu12010094</subfield>
</datafield>
<datafield tag="024" ind2=" " ind1="8">
<subfield code="a">2072-6643</subfield>
</datafield>
<datafield ind1=" " ind2=" " tag="653">
<subfield code="a">fructose</subfield>
</datafield>
<datafield ind1=" " ind2=" " tag="653">
<subfield code="a">glucose</subfield>
</datafield>
<datafield ind1=" " ind2=" " tag="653">
<subfield code="a">small intestine</subfield>
</datafield>
<datafield ind1=" " ind2=" " tag="653">
<subfield code="a">liver</subfield>
</datafield>
<datafield ind1=" " ind2=" " tag="653">
<subfield code="a">brain</subfield>
</datafield>
<datafield ind1=" " ind2=" " tag="653">
<subfield code="a">gut-brain axis</subfield>
</datafield>
<datafield ind1=" " ind2=" " tag="653">
<subfield code="a">non-alcoholic fatty liver</subfield>
</datafield>
<datafield ind1=" " ind2=" " tag="653">
<subfield code="a">insulin resistance</subfield>
</datafield>
<datafield ind1=" " ind2=" " tag="653">
<subfield code="a">metabolic syndrome</subfield>
</datafield>
<datafield ind1=" " ind2=" " tag="653">
<subfield code="a">type 2 diabetes mellitus</subfield>
</datafield>
<datafield tag="245" ind1="0" ind2="0">
<subfield code="a">Intestinal fructose and glucose metabolism in health and disease</subfield>
</datafield>
</record></metadata></record></GetRecord></OAI-PMH>